| 000 | 01092pam a2200349 a 4500 | ||
|---|---|---|---|
| 999 |
_c3167 _d3167 |
||
| 001 | 016185958 | ||
| 003 | Uk | ||
| 005 | 20231027081430.0 | ||
| 008 | 121005s2013 enkab b 001 0 eng d | ||
| 015 |
_aGBB2A1664 _2bnb |
||
| 016 | 7 |
_a016185958 _2Uk |
|
| 020 | _a9780199693061 (pbk.) | ||
| 040 |
_aStDuBDS _beng _cStDuBDS _dUk _dKH8 |
||
| 042 | _aukblcatcopy | ||
| 082 | 0 | 4 |
_a327.090 YOU _223 |
| 100 | 1 |
_aYoung, John W., _d1957- _eauthor. |
|
| 245 | 1 | 0 |
_aInternational relations since 1945 : _ba global history / _cJohn Young and John Kent. |
| 250 | _a2nd ed. | ||
| 260 |
_aOxford : _bOxford University Press, _c[2013] |
||
| 300 |
_axxxii, 659 pages : _billustrations, maps ; _c25 cm |
||
| 336 |
_atext _2rdacontent |
||
| 337 |
_aunmediated _2rdamedia |
||
| 338 |
_avolume _2rdacarrier |
||
| 500 | _aPrevious ed.: 2004. | ||
| 500 |
_aFormerly CIP. _5Uk |
||
| 504 | _aIncludes bibliographical references and index. | ||
| 650 | 0 | _aInternational relations. | |
| 650 | 0 |
_aWorld politics _y1945-1989. |
|
| 650 | 0 |
_aWorld politics _y1989- |
|
| 700 | 1 |
_aKent, John, _d1949- |
|
| 942 |
_2ddc _cTR |
||